000 005150000a22001930004500
001 004642
003 MACL
005 20150731164158.0
008 150731b xxu||||| |||| 00| 0 eng d
040 _aMACL
_cMACL
041 _aEnglish
082 _a362/MIS
100 _aMishra, Brijesh
_93873
245 _aGlimpses Of Social Welfare In India
_bprobles And Perspective
_cBrijesh Mishra
260 _aNew Delhi
_c2006
_bABD Publishers,
350 _a600
650 _aSocial Sciences
_93874
942 _k362
_cBK
_2ddc
999 _c16529
_d16529